| 000 | 00560nam a2200193 a 4500 | ||
|---|---|---|---|
| 005 | 20140310183316.0 | ||
| 008 | 051117s19uu xx 00 eng d | ||
| 020 | _a9812652728 | ||
| 050 |
_aRT 42 _b.M461 2005 |
||
| 100 | _aMaville, Janice A. | ||
| 245 |
_aHealth promotion in nursing / _cJanice A. Maville, Carolina G. Huerta. |
||
| 260 |
_aSingapore : _bDelmar Thomson Learning, _c2005. |
||
| 300 |
_a453 p. : _c24 cm. |
||
| 521 | _aNUR | ||
| 650 | _aCommunity health nursing. | ||
| 650 |
_aHealth _xNursing. |
||
| 942 |
_cBK _2lcc _kFOR |
||
| 999 |
_c21273 _d21273 |
||